| 000 | 02424cam a22005294i 4500 | ||
|---|---|---|---|
| 003 | PE-LiUPU | ||
| 005 | 20250731184555.0 | ||
| 008 | 150625s2000 pe a r 000 0 spa d | ||
| 020 | _a9972101754 | ||
| 020 | _a9789972101755 | ||
| 035 | _a(Sirsi) i9789972101755 | ||
| 040 |
_aPE-LiUPU _bspa _cPE-LiUPU _erda |
||
| 049 | _aPRUA | ||
| 082 | 0 | 4 |
_a904.5 _bK96 _221 |
| 100 | 1 |
_aKuroiwa, H. Julio, _eautor. |
|
| 245 | 1 | 0 |
_aPrevención de desastres / _cJulio Kuroiwa H. |
| 264 | 1 |
_aLima : _bBruño, _c2000. |
|
| 300 |
_a112 páginas : _bilustraciones ; _c28 centímetros |
||
| 336 |
_atext _2rdacontent |
||
| 337 |
_aunmediated _2rdamedia |
||
| 338 |
_avolume _2rdacarrier |
||
| 505 | 0 | _aEn armonía con la naturaleza para reducir los desastres -- Fenómenos de origen geofísico I: Terremotos -- Fenómenos de origen geofísico II: Vulcanismo y tsunamis -- Desastres de origen climático -- Fenómenos geológico-climáticos -- Desastres tecnológicos -- Microzonificación y planeamiento urbano. Ubicación de viviendas -- Preparación de la población, ensayos de evacuación y planes de emergencia -- Mensajes y conclusiones generales. | |
| 526 | _aP136 | ||
| 526 | _aP135 | ||
| 526 | _aP134 | ||
| 526 | _aP133 | ||
| 526 | _aP144 | ||
| 526 | _aP143 | ||
| 526 | _aP87 | ||
| 526 | _aP35 | ||
| 526 | _aP20 | ||
| 526 | _aP14 | ||
| 526 | _aP10 | ||
| 526 | _aP06 | ||
| 541 | _g001-026129; | ||
| 650 | 0 | 4 |
_aDesastres naturales _xPrevención. |
| 650 | 0 | 4 |
_aDesastres naturales _zPerú. |
| 910 |
_adbm _brrch _crrch _d20191029 |
||
| 942 |
_2ddc _cBOOK |
||
| 949 |
_a904.5 K96 _wDEWEY _c1 _i56992 _lCCODEBUL1 _mBUL _p5.00 _r0 _sY _tBOOK _u2015-6-25 _xINGENIERIA _PP24 _0COMPRA _o.STAFF. Colección General |
||
| 949 |
_a508 K96 2000 _wDEWEY _c1 _iFJ08954 _lCCODEBUJ1 _mBUJ _p5.00 _r0 _sY _tBOOK _u2017-10-12 _xFIA _PP24 _0COMPRA _o.STAFF. Colección General Juliaca |
||
| 994 |
_aC0 _bPEPRU |
||
| 596 | _a1 3 | ||
| 999 |
_a904.5 K96 _wDEWEY _c46125 _i56992 _d46125 _f2022-5-18 _g7 _lCCODEBUL1 _mBUL _p5.00 _q1 _r0 _sY _tBOOK _u2015-6-25 _xINGENIERIA _PP24 _0COMPRA _o.STAFF. Colección General |
||
| 999 |
_a508 K96 2000 _wDEWEY _c1 _iFJ08954 _d2018-11-7 _f2022-1-19 _g3 _lCCODEBUJ1 _mBUJ _p5.00 _q1 _r0 _sY _tBOOK _u2017-10-12 _xINGENIERIA _PP24 _0COMPRA _o.STAFF. Colección General Juliaca |
||
| 980 |
_81 _gALBERTO SANCHEZ Responsable de Automatización |
||